XXV Años de la Fundación Erol Beker (Record no. 184768)
[ view plain ]
| 000 -LEADER | |
|---|---|
| campo de control de longitud fija | 00725nam a2200217 i 4500 |
| 001 - NÚMERO DE CONTROL | |
| campo de control | 184768 |
| 003 - IDENTIFICADOR DE NÚMERO DE CONTROL | |
| campo de control | ES-MaACL |
| 005 - FECHA Y HORA DE LA ÚLTIMA TRANSACCIÓN | |
| campo de control | 20250805004004.0 |
| 008 - DATOS DE LONGITUD FIJA--INFORMACIÓN GENERAL | |
| campo de control de longitud fija | 151207s2015 sp acop |||| |dspa d |
| 080 ## - NÚMERO DE LA CLASIFICACIÓN DECIMAL UNIVERSAL | |
| Número de la Clasificación Decimal Universal | 929 Beker, Erol |
| 110 2# - ENTRADA PRINCIPAL--NOMBRE DE ENTIDAD CORPORATIVA | |
| Nombre de entidad corporativa o nombre de jurisdicción como elemento de entrada | Fundación Erol Beker. |
| 9 (RLIN) | 4288 |
| 245 10 - MENCIÓN DEL TÍTULO | |
| Título | XXV Años de la Fundación Erol Beker |
| Resto del título | : [1989-2014] / |
| Mención de responsabilidad, etc. | April Thomas Beker, Francisco Rico Pérez. |
| 250 ## - MENCION DE EDICION | |
| Mención de edición | Ed. no venal. |
| 260 ## - PUBLICACIÓN, DISTRIBUCIÓN, ETC. | |
| Lugar de publicación, distribución, etc. | [Madrid : |
| Nombre del editor, distribuidor, etc. | s.n., |
| Fecha de publicación, distribución, etc. | 2015] ( |
| Fabricante | Imp. Roal) |
| 300 ## - DESCRIPCIÓN FÍSICA | |
| Extensión | 206 p. : |
| Otras características físicas | il., fot. col. ; |
| Dimensiones | 24 cm. |
| 600 14 - PUNTO DE ACCESO ADICIONAL DE MATERIA--NOMBRE DE PERSONA | |
| Nombre de persona | Beker, Erol ( |
| Fechas asociadas al nombre | 1918-1994) |
| 9 (RLIN) | 158319 |
| 700 1# - ENTRADA AGREGADA--NOMBRE PERSONAL | |
| Nombre de persona | Thomas Beker, April. |
| 9 (RLIN) | 158318 |
| 700 1# - ENTRADA AGREGADA--NOMBRE PERSONAL | |
| Nombre de persona | Rico Pérez, Francisco, |
| Fechas asociadas al nombre | 1931- |
| 9 (RLIN) | 97032 |
| 852 ## - LOCALIZACIÓN | |
| Ubicación | ES-MaACL |
| Número de control de estantería | N-6467 |
| Estatus retirado | Estado de pérdida | Estado de daño | No para préstamo | Biblioteca de origen | Biblioteca actual | Ubicación en estantería | Fecha de adquisición | Fuente de adquisición | Total de préstamos | Signatura topográfica completa | Código de barras | Visto por última vez | Precio de reemplazo | Tipo de ítem Koha |
|---|---|---|---|---|---|---|---|---|---|---|---|---|---|---|
| Biblioteca del Ateneo de Madrid | Biblioteca del Ateneo de Madrid | Sala Pecera Depósito 2 | 07/12/2015 | N-6467 | 1194555 | 23/02/2023 | 23/02/2023 | Libro impreso |
